000 00250nam a22001097a 4500
008 170116b xxu||||| |||| 00| 0 eng d
020 _a0763728438
041 _aeng
080 _a.618.2
245 _aGERONTOLOGICAL NURSING
_cMAUK, K.L
942 _2udc
_cBK
999 _c2904
_d2904